Televisión y niños

Guardat en:
Dades bibliogràfiques
Autors principals: Florenzano Urzúa, Ramón (Autor), Molina Valdivieso, Jorge (Autor)
Format: Llibre
Idioma:espanyol
Publicat: Santiago Corporación de Promoción Universitaria 1999
Matèries:
Etiquetes: Afegir etiqueta
Sense etiquetes, Sigues el primer a etiquetar aquest registre!

MARC

LEADER 00000nam a2200000 a 4500
001 UCP7214
003 CL-VaPUC
008 991203e19990000CL |||||||||||||||||spa|d
020 |a 9562290794 
082 0 4 |a 371.335  |b FLO  |2 21 
100 0 |a Florenzano Urzúa, Ramón  |e author  |9 436681 
700 0 |a Molina Valdivieso, Jorge  |e author  |9 436682 
245 1 0 |a Televisión y niños 
300 |a 331 p 
942 |c BK 
945 |d 19991203 00:00:00  |a vberengu 
260 |a Santiago  |b Corporación de Promoción Universitaria  |c 1999 
650 0 |a Medios de comunicación  |9 257206 
650 0 |a Niños  |9 255605 
650 0 |a Televisión  |9 256845 
650 7 |a TELEVISION EDUCATIVA  |2 CL-VaPUC  |9 310717 
583 |a last modification  |c 19991203 00:00:00  |k Rodrigo Vera 
999 |c 284526  |d 284524 
952 |0 0  |1 0  |4 0  |6 371_335000000000000_FLO_1999  |7 0  |8 P  |9 328593  |a BIBEDU  |b BIBEDU  |c BIBEDU_PB  |d 2019-11-20  |i 3583198  |o 371.335 FLO 1999  |p 3583198  |r 2024-01-25  |w 2019-11-20  |y BK  |k BME 
952 |0 0  |1 0  |4 0  |6 371_335000000000000_FLO_1999  |7 0  |8 P  |9 328594  |a BIBEDU  |b BIBEDU  |c BIBEDU_PB  |d 2019-11-20  |i 3644480  |o 371.335 FLO 1999  |p 3644480  |r 2024-01-25  |w 2019-11-20  |y BK  |k BME 
952 |0 0  |1 0  |4 0  |6 371_335000000000000_FLO_1999  |7 0  |8 P  |9 328595  |a BIBEDU  |b BIBEDU  |c BIBEDU_PB  |d 2019-11-20  |i 4440110  |o 371.335 FLO 1999  |p 4440110  |r 2024-01-25  |w 2019-11-20  |y BK  |k EPE